000 01817cam a2200265 a 4500
001
003 DO-SdBNP
005 20231013090758.0
008 960913s1996 dr a b f101 0dspa
040 _aBPMSU
_bspa
_cBPMSU
082 4 _a928.61097293
_bP796s 1996
_222
111 2 _aSemana Internacional en Homenaje a Pedro Henríquez Ureña en el Cincuentenario de su Muerte 1946-1996
_d(1996 : 6-11 mayo.
_cSanto Domingo)
_8
245 1 0 _aPonencias de la Semana Internacional en Homenaje a Pedro Henríquez Ureña en el Cincuentenario de su Muerte 1946-1996 /
_ceditor, Jorge Tena Reyes.
260 _aSanto Domingo:
_bSecretaría de Estado de Educación, Bellas Artes y Cultos,
_c1996.
300 _axviii, 724 p. :
_bil. ;
_c23 cm.
500 _aIncluye referencias bibliográficas y notas al pie de las páginas
505 0 _aUn homenaje bien merecido a Henríquez Ureña (1884-1946) sobre el 50 aniversario de su muerte. Henríquez Ureña comenzó, en un camino, el estudio de literatura latinoamericana como un campo que consiste en maestros principales y menores, períodos, y los géneros que cruzaron las fronteras de las literaturas inesperadas nacionales. Esta serie de papeles(periódicos) estudia su vida y trabajos. También incluye artículos por algunos de sus contemporáneos: Alfonso Reyes, José Vasconcelos, Amado Alonso, Anderson Imbert, y Juan Ramón Jiménez " - Manual de Estudios latinoamericanos, v. 58.
590 _6Inventariado, 2022/VM
600 1 4 _aHenríquez Ureña, Pedro,
_d1884-1946
_v Ensayos, conferencias, etc.
_x
651 4 _aRepública Dominicana
_xVida Intelectual
700 1 _aTena Reyes, Jorge.
_eeditor
710 2 _a Secretaría de Educación, Bellas Artes y Cultos(República Dominicana)
910 _aVMateo V. Control de calidad. BPMSU
942 _2ddc
_cBK
999 _c14190
_d14190